Morocco/ (Record no. 4143)
[ view plain ]
| 000 -LEADER | |
|---|---|
| fixed length control field | 00596nam a22002057a 4500 |
| 003 - CONTROL NUMBER IDENTIFIER | |
| control field | OSt |
| 005 - DATE AND TIME OF LATEST TRANSACTION | |
| control field | 20250822020827.0 |
| 008 - FIXED-LENGTH DATA ELEMENTS--GENERAL INFORMATION | |
| fixed length control field | 250822b |||||||| |||| 00| 0 eng d |
| 020 ## - INTERNATIONAL STANDARD BOOK NUMBER | |
| International Standard Book Number | 9781741964394 |
| 040 ## - CATALOGING SOURCE | |
| Original cataloging agency | DWC-Main Lib |
| Transcribing agency | OC |
| 082 ## - DEWEY DECIMAL CLASSIFICATION NUMBER | |
| Classification number | Circ. 641.596 M255m 2010 |
| 100 ## - MAIN ENTRY--PERSONAL NAME | |
| Personal name | Mallos, Tess |
| 245 ## - TITLE STATEMENT | |
| Title | Morocco/ |
| Statement of responsibility, etc. | Tess Mallos |
| 260 ## - PUBLICATION, DISTRIBUTION, ETC. | |
| Place of publication, distribution, etc. | Millers Point, N.S.W: London : |
| Name of publisher, distributor, etc. | Murdoch, |
| Date of publication, distribution, etc. | c2010. |
| 300 ## - PHYSICAL DESCRIPTION | |
| Extent | 225 pages : |
| Other physical details | color illustrations ; |
| Dimensions | 29cm. |
| 490 ## - SERIES STATEMENT | |
| Series statement | World Kitchen |
| 504 ## - BIBLIOGRAPHY, ETC. NOTE | |
| Bibliography, etc. note | Includes glossary and index. |
| 650 ## - SUBJECT ADDED ENTRY--TOPICAL TERM | |
| Topical term or geographic name entry element | 1. Cooking ---Moroccan. |
| 942 ## - ADDED ENTRY ELEMENTS (KOHA) | |
| Source of classification or shelving scheme | Dewey Decimal Classification |
| Koha item type | Book Circulation |
| Suppress in OPAC | No |
| 952 ## - LOCATION AND ITEM INFORMATION (KOHA) | |
| -- | |
| Withdrawn status | Lost status | Source of classification or shelving scheme | Damaged status | Not for loan | Home library | Current library | Shelving location | Date acquired | Source of acquisition | Total Checkouts | Full call number | Barcode | Date last seen | Copy number | Price effective from | Koha item type | Uniform Resource Identifier |
|---|---|---|---|---|---|---|---|---|---|---|---|---|---|---|---|---|---|
| Dewey Decimal Classification | HM & Nursing Library | HM & Nursing Library | Circulation | 08/22/2023 | Donation | Circ. 641.596 M255m 2010 | HNL53862 | 08/22/2025 | c1 | 08/22/2025 | BK-CIRC |